MARC

LEADER 00000nam0a2200000 4500
001 17859
005 20231030191053.0
010 |a 5713304248 
035 |a (RuTPU)RU\TPU\book\18007 
035 |a BOOK00018076 
090 |a 17859 
100 |a 20011209d1993 m y0rusy50 ca 
101 1 |a rus  |c fre 
102 |a RU 
105 |a y z 000zy 
200 1 |a Ремесло предпринимателя  |e пер. с фр.  |f Ж.-Л. Серван-Шрейбер 
210 |a Москва  |c Международные отношения  |d 1993 
215 |a 243 с. 
610 1 |a экономика 
610 1 |a бизнес 
610 1 |a предприниматели 
610 1 |a персоналии 
610 1 |a Франция 
686 |a У9(4Фр)  |v LBC/SL-A  |2 rubbk 
700 1 |a Серван-Шрейбер  |b Ж.-Л.  |g Жан-Луи 
801 0 |a RU  |b 63413507  |c 20011209  |g PSBO 
801 2 |a RU  |b 63413507  |c 20211220  |g PSBO 
942 |c BK